| 000 | 00933cam a22002894i 4500 | ||
|---|---|---|---|
| 999 |
_c200447163 _d65375 |
||
| 001 | 200447163 | ||
| 003 | TR-AnTOB | ||
| 005 | 20220629103315.0 | ||
| 007 | ta | ||
| 008 | 220207s2002 tu 000 0 tur d | ||
| 040 |
_aTR-AnTOB _beng _erda _cTR-AnTOB |
||
| 041 | 0 | _atur | |
| 050 | 1 |
_aHB849.53 _b.K63 2002 |
|
| 090 |
_aHB849.53 _b.K63 2002 |
||
| 100 |
_aKocaman, Tuncer _eauthor _9127897 |
||
| 245 | 1 | 0 |
_aPlan nüfus projeksiyon yöntemleri / _cTuncer Kocaman. |
| 264 | 1 |
_aAnkara : _bDevlet Planlama Teşkilatı (DPT), _c2002. |
|
| 300 |
_a80 pages ; _c26 cm |
||
| 336 |
_atext _btxt _2rdacontent |
||
| 337 |
_aunmediated _bn _2rdamedia |
||
| 338 |
_avolume _bnc _2rdacarrier |
||
| 650 | 7 |
_aNüfus tahmini _2etuturkob _9137590 |
|
| 710 | 2 |
_aDevlet Planlama Teşkilatı (Türkiye). _bSosyal Sektörler ve Koordinasyon Genel Müdürlüğü _9103897 |
|
| 942 |
_2lcc _cBK |
||